|
|
|
|
| LEADER |
00000cam a2200000 4500 |
| 001 |
vtls008766611 |
| 003 |
SK-MaSNL |
| 005 |
20260301124110.0 |
| 008 |
060510s2000 xr frd 001 0dcze |
| 020 |
|
|
|a 8072200844
|q (brožované)
|
| 040 |
|
|
|a SNK
|b slo
|c SNK
|e rda
|
| 041 |
1 |
|
|a cze
|h ger
|
| 072 |
|
7 |
|a 821.161.1.09
|x Ruská literatúra (o nej)
|2 konspekt
|
| 080 |
|
|
|a 821.161.1
|2 2011
|
| 080 |
|
|
|a 821.161.1-051
|2 2011
|
| 080 |
|
|
|a (038)
|2 2011
|
| 100 |
1 |
|
|a Kasack, Wolfgang,
|d 1927-2003
|4 aut
|9 186039
|
| 240 |
1 |
0 |
|a Lexikon der russische Literatur des 20. Jahrhundert
|l Česky
|
| 245 |
1 |
0 |
|a Slovník ruské literatury 20. století
|c Wolfgang Kasack ; přeložil Jiří F. Franěk a kolektiv
|
| 264 |
|
1 |
|a Praha
|b Votobia
|c 2000
|
| 300 |
|
|
|a 622 strán
|c 23 cm
|
| 336 |
|
|
|a text
|b txt
|2 rdacontent
|
| 337 |
|
|
|a bez média
|b n
|2 rdamedia
|
| 338 |
|
|
|a zväzok
|b nc
|2 rdacarrier
|
| 500 |
|
|
|a Preložené z nemčiny
|
| 500 |
|
|
|a Dokument obsahuje zoznam vecných hesiel, premenovaných lokalít, skratiek, slovník a krátke biografické informácie o autorovi na strane 599
|
| 500 |
|
|
|a Z úplného bibliografického materiálu Zdeňky Rachůnkové a Michaely Řehákové výberovú českú bibliografiu zostavila Xenie Klepikovová
|
| 504 |
|
|
|a Obsahuje menný register
|
| 648 |
|
7 |
|a 20. storočie
|2 SNKPH
|9 278343
|
| 648 |
|
7 |
|a 20th century
|2 SNKPHeng
|9 277995
|
| 650 |
0 |
7 |
|a ruská literatúra
|2 SNKPH
|9 1204
|
| 650 |
0 |
7 |
|a ruskí spisovatelia
|2 SNKPH
|9 3768
|
| 650 |
0 |
7 |
|a Russian literature
|2 SNKPHeng
|9 270202
|
| 650 |
0 |
7 |
|a Russian writers
|2 SNKPHeng
|9 292502
|
| 655 |
|
7 |
|a slovníky
|2 SNKPH
|9 70413
|
| 655 |
|
7 |
|a Dictionaries
|2 SNKPHeng
|9 294898
|
| 700 |
1 |
|
|a Franěk, Jiří F.,
|d 1922-2007
|4 trl
|9 131760
|
| 919 |
|
|
|a 80-7220-084-4
|
| 958 |
|
|
|a NB
|
| 958 |
|
|
|a OP
|
| 958 |
|
|
|a CZ
|
| 958 |
|
|
|a BC
|
| 958 |
|
|
|a RU
|
| 968 |
|
|
|a ČES
|b DT
|
| 999 |
|
|
|c 738439
|d 740369
|
| 952 |
|
|
|a SNKPRIRUCN
|b SNKPULT
|y VYP
|7 0
|p 17A1362103
|o snkIC 144677
|i snk2019/10934
|8 4
|g 17.56
|3 Príručná knižnica ; Uvoľnené strany od titulného listu po stranu č. 14 -- Uvoľnené strany od titulného listu po stranu č. 14
|0 0
|1 0
|4 0
|d 2019-04-15
|l 1
|q 2021-09-03
|r 2026-03-27 14:45:44
|s 2026-03-27
|w 2026-02-23
|